| 000 | 00611nam a22001817a 4500 | ||
|---|---|---|---|
| 005 | 20251108175019.0 | ||
| 008 | 250721s2011 xx 000 0 ara d | ||
| 082 | 1 | 4 | _a658.4/نجم |
| 100 | 1 | _aنجم، نجم عبود | |
| 245 | 1 | 0 | _aالقيادة الإدارية في القرن الواحد والعشرين / |
| 246 | 1 | 1 | _amanagerial leadership in the 21 century |
| 264 | 1 |
_aعمان : _bدار صفاء للطباعة والنشر والتوزيع، _c2011. |
|
| 300 | _a488ص. | ||
| 650 | 1 | 7 | _aالادارة |
| 650 | 1 | 7 | _aالادارة التنفيذية |
| 942 |
_2ddc _cBK |
||
| 999 |
_c123966 _d123966 |
||